000
00349nam a2200145Ia 4500
008
220928s9999 xx 000 0 und d
020
_a
9788131502860
082
_b
ANA
100
_a
ANANDARAM, K.S.
245
0
_a
HUMAN RESOURCE DEVELOPMENT AND TRAINING
260
_b
SCDL, PUNE
_c
2013
300
_a
254
650
_a
Human Rights
942
_c
BK
999
_c
208520
_d
208520